<?xml version="1.0" encoding="UTF-8"?>
<record
    xmlns:xsi="http://www.w3.org/2001/XMLSchema-instance"
    xsi:schemaLocation="http://www.loc.gov/MARC21/slim http://www.loc.gov/standards/marcxml/schema/MARC21slim.xsd"
    xmlns="http://www.loc.gov/MARC21/slim">

  <leader>01523nam a2200301 a 4500</leader>
  <controlfield tag="001">BRL_1889</controlfield>
  <controlfield tag="005">20190320211423.0</controlfield>
  <controlfield tag="008">120815m19541973mx-abo####---#000-0#spa-#</controlfield>
  <datafield tag="041" ind1=" " ind2=" ">
    <subfield code="a">spa</subfield>
  </datafield>
  <datafield tag="044" ind1=" " ind2=" ">
    <subfield code="a">mx</subfield>
  </datafield>
  <datafield tag="050" ind1=" " ind2="4">
    <subfield code="a">F1219.1O11</subfield>
    <subfield code="b">.P37 1954</subfield>
  </datafield>
  <datafield tag="245" ind1="1" ind2="0">
    <subfield code="a">Papeles de la chinantla</subfield>
  </datafield>
  <datafield tag="260" ind1=" " ind2=" ">
    <subfield code="a">M&#xE9;xico</subfield>
    <subfield code="b">Instituto Nacional de Antropolog&#xED;a e Historia</subfield>
    <subfield code="c">1954,1961,1973</subfield>
  </datafield>
  <datafield tag="300" ind1=" " ind2=" ">
    <subfield code="a">v.</subfield>
    <subfield code="b">il., mapas</subfield>
    <subfield code="c">23 cm.</subfield>
  </datafield>
  <datafield tag="440" ind1=" " ind2="0">
    <subfield code="a">Museo Nacional de Antropolog&#xED;a. Serie Cient&#xED;fica</subfield>
    <subfield code="v">3-7-11</subfield>
    <subfield code="9">28162</subfield>
  </datafield>
  <datafield tag="500" ind1=" " ind2=" ">
    <subfield code="a">v.1 Au2037, v.3 Au2038, v.7 Au2039</subfield>
  </datafield>
  <datafield tag="505" ind1="0" ind2=" ">
    <subfield code="a">Contenido: v.1. Mayultianguis y Tlacoatzintepec / Robert J. Weitlaner y Carlo Antonio Castro G., 1954 -  v.3. Apuntes hist&#xF3;ricos de las tribus Chinantecas, Mazatecas y Popolucas (1910) / Mario Espinosa, Reedici&#xF3;n con notas y ap&#xE9;ndices preparada por Howard F. Cline, 1961-  v.7. Usila: morada de los Colibr&#xED;es / Robert J. Weitlaner y Carlo Antonio Castro, 1973</subfield>
  </datafield>
  <datafield tag="650" ind1="1" ind2="4">
    <subfield code="a">Chinantecos</subfield>
    <subfield code="x">Historia</subfield>
    <subfield code="9">28163</subfield>
  </datafield>
  <datafield tag="650" ind1="1" ind2="4">
    <subfield code="a">Chinantecos</subfield>
    <subfield code="x">textos</subfield>
    <subfield code="9">28164</subfield>
  </datafield>
  <datafield tag="650" ind1="1" ind2="4">
    <subfield code="a">Ind&#xED;genas de M&#xE9;xico</subfield>
    <subfield code="z">Oaxaca (Estado)</subfield>
    <subfield code="9">27944</subfield>
  </datafield>
  <datafield tag="700" ind1="1" ind2=" ">
    <subfield code="a">Weitlaner, Roberto J</subfield>
    <subfield code="t">Mayultianguis Y Tlacoatzintepec</subfield>
    <subfield code="9">28165</subfield>
  </datafield>
  <datafield tag="700" ind1="1" ind2=" ">
    <subfield code="a">Castro, Carlo Antonio</subfield>
    <subfield code="t">Mayultianguis Y Tlacoatzintepec</subfield>
    <subfield code="9">28166</subfield>
  </datafield>
  <datafield tag="700" ind1="1" ind2=" ">
    <subfield code="a">Espinosa, Mariano</subfield>
    <subfield code="t">Apuntes hist&#xF3;ricos de las tribus chinantecas, matzatecas y popolucas</subfield>
    <subfield code="9">28167</subfield>
  </datafield>
  <datafield tag="700" ind1="1" ind2=" ">
    <subfield code="a">Weitlaner, Roberto J.</subfield>
    <subfield code="t">Usila : morada de colibries</subfield>
    <subfield code="9">28168</subfield>
  </datafield>
  <datafield tag="700" ind1="1" ind2=" ">
    <subfield code="a">Castro, Carlo Antonio</subfield>
    <subfield code="t">Usila : morada de colibries</subfield>
    <subfield code="9">28169</subfield>
  </datafield>
  <datafield tag="902" ind1=" " ind2=" ">
    <subfield code="a">GRL</subfield>
  </datafield>
  <datafield tag="942" ind1=" " ind2=" ">
    <subfield code="2">lcc</subfield>
    <subfield code="c">B</subfield>
  </datafield>
  <datafield tag="999" ind1=" " ind2=" ">
    <subfield code="c">10697</subfield>
    <subfield code="d">10697</subfield>
  </datafield>
  <datafield tag="952" ind1=" " ind2=" ">
    <subfield code="0">0</subfield>
    <subfield code="1">0</subfield>
    <subfield code="4">0</subfield>
    <subfield code="7">0</subfield>
    <subfield code="a">BRL</subfield>
    <subfield code="b">BRL</subfield>
    <subfield code="d">2015-08-12</subfield>
    <subfield code="l">0</subfield>
    <subfield code="o">F1219.1O11 .P37 1954</subfield>
    <subfield code="p">GRL02082</subfield>
    <subfield code="r">2019-03-22 00:00:00</subfield>
    <subfield code="w">2019-03-22</subfield>
    <subfield code="y">B</subfield>
  </datafield>
  <datafield tag="952" ind1=" " ind2=" ">
    <subfield code="0">0</subfield>
    <subfield code="1">0</subfield>
    <subfield code="4">0</subfield>
    <subfield code="7">0</subfield>
    <subfield code="a">BRL</subfield>
    <subfield code="b">BRL</subfield>
    <subfield code="d">2016-01-19</subfield>
    <subfield code="l">0</subfield>
    <subfield code="o">F1219.1O11 .P37 1954</subfield>
    <subfield code="p">GRL02083</subfield>
    <subfield code="r">2019-03-22 00:00:00</subfield>
    <subfield code="w">2019-03-22</subfield>
    <subfield code="y">B</subfield>
  </datafield>
  <datafield tag="952" ind1=" " ind2=" ">
    <subfield code="0">0</subfield>
    <subfield code="1">0</subfield>
    <subfield code="4">0</subfield>
    <subfield code="7">0</subfield>
    <subfield code="a">BRL</subfield>
    <subfield code="b">BRL</subfield>
    <subfield code="d">2016-01-19</subfield>
    <subfield code="l">0</subfield>
    <subfield code="o">F1219.1O11 .P37 1954</subfield>
    <subfield code="p">GRL02084</subfield>
    <subfield code="r">2019-03-22 00:00:00</subfield>
    <subfield code="w">2019-03-22</subfield>
    <subfield code="y">B</subfield>
  </datafield>
</record>
